Economic pulse (Record no. 83896)

MARC details
000 -LEADER
fixed length control field 01313cad a22002055a 4500
001 - CONTROL NUMBER
control field L155677
008 - FIXED-LENGTH DATA ELEMENTS--GENERAL INFORMATION
fixed length control field 120402s2012 xxk 000 0 eng d
035 ## - SYSTEM CONTROL NUMBER
System control number (Sirsi) u155677
041 0# - LANGUAGE CODE
Language code of text/sound track or separate title eng
110 2# - MAIN ENTRY--CORPORATE NAME
Corporate name or jurisdiction name as entry element Cushman & Wakefield
9 (RLIN) 5888
245 00 - TITLE STATEMENT
Title Economic pulse
Remainder of title the impacts of economic conditions on commercial real estate markets around the world - March/April 2012
Medium [electronic resource]
260 ## - PUBLICATION, DISTRIBUTION, ETC.
Place of publication, distribution, etc. [S.l.]
Name of publisher, distributor, etc. Cushman & Wakefield
Date of publication, distribution, etc. 2012
490 #0 - SERIES STATEMENT
Series statement Cushman & Wakefield Economic Pulse
Volume/sequential designation March/April 2012
520 ## - SUMMARY, ETC.
Summary, etc. Offers a global overview and regional analysis, detailing economic and real estate conditions in the Americas, EMEA and Asia Pacific, giving additional insights into the trends driving these three very different real estate markets, and an outlook for the remainder of 2012: Global pulse - Change, risk and opportunities; The Americas pulse - Better times ahead; EMEA pulse - Recovery delayed, not cancelled; Asia Pacific pulse - Slow growth ahead but no recession.
590 ## - LOCAL NOTE (RLIN)
Local note KA
651 #4 - SUBJECT ADDED ENTRY--GEOGRAPHIC NAME
Geographic name International
690 ## - LOCAL SUBJECT ADDED ENTRY--TOPICAL TERM (OCLC, RLIN)
Topical term or geographic name as entry element Commercial property
9 (RLIN) 6227
856 40 - ELECTRONIC LOCATION AND ACCESS
Uniform Resource Identifier <a href="https://www.cushwake.com/cwglobal/jsp/kcGlobalReportArchive.jsp?Country=GLOBAL&Language=EN&catId=100003&sector=ALL">https://www.cushwake.com/cwglobal/jsp/kcGlobalReportArchive.jsp?Country=GLOBAL&Language=EN&catId=100003&sector=ALL</a>
Public note View the report after free registration with the Knowledge Center at www.cushwake.com
942 ## - ADDED ENTRY ELEMENTS (KOHA)
Suppress in OPAC 0
Holdings
Withdrawn status Lost status Source of classification or shelving scheme Damaged status Not for loan Home library Current library Shelving location Date acquired Total Checkouts Full call number Barcode Date last seen Copy number Price effective from Koha item type
    Dewey Decimal Classification     Virtual Virtual Online 02/04/2012   ONLINE PUBLICATION 155677-2001 06/08/2019 1 06/08/2019 Book